| 000 | 00000nam##2200000za#4500 |
| 001 | 9.603441 |
| 003 | CaOODSP |
| 005 | 20210624211057 |
| 007 | cr ||||||||||| |
| 008 | 150406|2005||||xxc|||||o f|0| 0 fre|d |
| 040 | |aCaOODSP|bfre |
| 043 | |an-cn--- |
| 086 | 1 |aBT31-4/37-2005F-PDF |
| 110 | 1 |aCanada. |bConseil du trésor. |
| 245 | 10|aMinistère des Finances Canada - rapport ministériel sur le rendement pour l'exercice se terminant le 31 mars 2005 |h[ressource électronique] |
| 260 | |aOttawa - Ontario : |bSecrétariat du Conseil du Trésor du Canada |c[2005]. |
| 300 | |a136p.|bgraphiques, organigramme, tableaux, photographies, index |
| 490 | 1 |aRapport sur le rendement pour la période se terminant le 31 mars 2005 |
| 590 | |a12-06-Supp|b2012-03-07 |
| 775 | 08|tDepartment of Finance Canada, departmental performance report for the period ending March 31, 2005 |w(CaOODSP)9.573232 |
| 776 | 0#|tDepartment of Finance Canada |w(CaOODSP)9.541766 |
| 776 | 0#|tMinistère des Finances Canada |w(CaOODSP)9.541767 |
| 830 | #0|aRapport sur le rendement pour la période se terminant le 31 mars 2005.|w(CaOODSP)9.502661 |
| 856 | 40|ahttp://publications.gc.ca|qPDF|s1.33 Mo|uhttps://publications.gc.ca/collections/collection_2012/sct-tbs/BT31-4-37-2005-fra.pdf |